[Event "Boeblingen op 26th"]
[Site "Boeblingen"]
[Date "2009.12.26"]
[Round "1"]
[White "Schneider, Ilja"]
[Black "Hoffmann, Hans"]
[Result "1-0"]
[WhiteElo "2496"]
[BlackElo "2089"]
[PlyCount "75"]
[EventDate "2009.12.26"]
[EventType "swiss"]
[EventRounds "9"]
[EventCountry "GER"]
[SourceTitle "CBM 134 Extra"]
[Source "ChessBase"]
[SourceDate "2010.03.03"]
[SourceVersion "1"]
[SourceVersionDate "2010.03.03"]
[SourceQuality "1"]

1. d4 d5 2. c4 e6 3. Nf3 c6 4. e3 Nf6 5. Nc3 Nbd7 6. Qc2 Bd6 7. e4 dxe4 8. Nxe4 Nxe4 9. Qxe4 0-0 10. Bd3 g6 11. 0-0 Re8 12. Bg5 Be7 13. Bxe7 Qxe7 14. Rfe1 Nf6 15. Qe3 b6 16. Rad1 Bb7 17. Bc2 Rac8 18. c5 Kg7 19. Ne5 Red8 20. Nc4 Ba6 21. Nd6 Rc7 22. Qe5 Kg8 23. Re3 Ng4 24. Qf4 Nxe3 25. fxe3 Rcd7 26. Bb3 Rxd6 27. cxd6 Qxd6 28. Qf6 Re8 29. Rc1 c5 30. dxc5 bxc5 31. Rd1 Qc6 32. h4 Bb7 33. Rd2 Qe4 34. Kh2 Bd5 35. Rf2 Rf8 36. h5 Qxe3 37. Rf4 Qd2 38. Bxd5 1-0

[Event "Bad Woerishofen Seniors opA 23rd"]
[Site "Bad Woerishofen"]
[Date "2007.03.13"]
[Round "6"]
[White "Mueller, Manfred"]
[Black "Hoffmann, Hans"]
[Result "1/2-1/2"]
[WhiteElo "1891"]
[BlackElo "1982"]
[PlyCount "75"]
[EventDate "2007.03.08"]
[EventType "swiss"]
[EventRounds "9"]
[EventCountry "GER"]
[SourceTitle "EXT 2022"]
[Source "ChessBase"]
[SourceDate "2021.10.06"]
[SourceVersion "1"]
[SourceVersionDate "2021.10.06"]
[SourceQuality "1"]

1. e4 c6 2. d4 d5 3. exd5 cxd5 4. Nf3 Nc6 5. c4 Nf6 6. Nc3 e6 7. a3 b6 8. b4 dxc4 9. Bxc4 Bd6 10. Nb5 Bb8 11. 0-0 a6 12. Nc3 0-0 13. Re1 h6 14. Ra2 b5 15. Bd3 Bb7 16. Ne4 Nxe4 17. Bxe4 Qd7 18. Rc2 Ne7 19. Bxb7 Qxb7 20. Nd2 Rd8 21. Ne4 Ba7 22. Qf3 Qd5 23. Rc7 Kf8 24. Nc5 Qxf3 25. gxf3 Bxc5 26. dxc5 a5 27. bxa5 Rxa5 28. Rb7 Nd5 29. Bb2 g6 30. Rc1 Rc8 31. c6 Ke8 32. Rc5 Ra6 33. c7 Kd7 34. Rcxb5 Rxc7 35. Be5 Rxb7 36. Rxb7+ Ke8 37. Rb8+ Kd7 38. Rb7+ 1/2-1/2

[Event "Bad Woerishofen Seniors opA 23rd"]
[Site "Bad Woerishofen"]
[Date "2007.03.11"]
[Round "4"]
[White "Johne, Siegfried"]
[Black "Hoffmann, Hans"]
[Result "1/2-1/2"]
[WhiteElo "1832"]
[BlackElo "1982"]
[PlyCount "83"]
[EventDate "2007.03.08"]
[EventType "swiss"]
[EventRounds "9"]
[EventCountry "GER"]
[SourceTitle "EXT 2022"]
[Source "ChessBase"]
[SourceDate "2021.10.06"]
[SourceVersion "1"]
[SourceVersionDate "2021.10.06"]
[SourceQuality "1"]

1. e4 c5 2. Nf3 e6 3. d4 cxd4 4. Nxd4 Nf6 5. Nc3 d6 6. Bc4 Nc6 7. Bb3 Be7 8. 0-0 0-0 9. Kh1 a6 10. f4 Qc7 11. f5 Nxd4 12. Qxd4 Ng4 13. Qd1 Ne5 14. a4 Bd7 15. Qe2 Rac8 16. Be3 Nc4 17. Bd4 Ne5 18. Qe3 Kh8 19. Qh3 Rce8 20. Rf2 Qc8 21. Raf1 Bf6 22. Ne2 exf5 23. exf5 Re7 24. Qh5 b5 25. Nf4 Bxf5 26. Nd5 Bg6 27. Nxe7 Bxe7 28. Qe2 Bh4 29. Rf4 Bg5 30. Bxe5 dxe5 31. R4f2 Bh4 32. g3 Qc6+ 33. Kg1 Bf6 34. axb5 axb5 35. Rd1 e4 36. Bd5 Qc5 37. c3 Re8 38. Kf1 e3 39. Rf4 Bc2 40. Qxc2 e2+ 41. Qxe2 Rxe2 42. Kxe2 1/2-1/2

[Event "Bad Woerishofen Seniors opA 23rd"]
[Site "Bad Woerishofen"]
[Date "2007.03.10"]
[Round "3"]
[White "Hoffmann, Hans"]
[Black "Reichwald, Klaus Dieter"]
[Result "1-0"]
[WhiteElo "1982"]
[BlackElo "1764"]
[PlyCount "125"]
[EventDate "2007.03.08"]
[EventType "swiss"]
[EventRounds "9"]
[EventCountry "GER"]
[SourceTitle "EXT 2022"]
[Source "ChessBase"]
[SourceDate "2021.10.06"]
[SourceVersion "1"]
[SourceVersionDate "2021.10.06"]
[SourceQuality "1"]

1. c4 Nf6 2. Nf3 g6 3. g3 Bg7 4. d4 d6 5. Bg2 0-0 6. Nc3 Nbd7 7. 0-0 c6 8. e4 e5 9. h3 Qc7 10. Be3 a6 11. Rc1 c5 12. d5 Rb8 13. Qd3 Nh5 14. Kh2 f5 15. exf5 gxf5 16. Nh4 e4 17. Qe2 Ndf6 18. f4 Qe7 19. Rg1 Kh8 20. Bf1 Bh6 21. Qf2 Rg8 22. Be2 Bd7 23. Rg2 Rg7 24. Rcg1 Rbg8 25. Qe1 Qf7 26. Qd1 b6 27. b3 Qe8 28. Nb1 Qe7 29. Nd2 Qe8 30. Nf1 Re7 31. Bc1 Ng7 32. g4 fxg4 33. hxg4 Bxf4+ 34. Bxf4 e3 35. Ng3 Ne4 36. Nxe4 Rxe4 37. Bxd6 Qd8 38. Bg3 Qg5 39. Kh1 Bxg4 40. Be1 Bxe2 41. Qxe2 Rxh4+ 42. Bxh4 Qxh4+ 43. Rh2 Qe4+ 44. Qg2 Re8 45. Qxe4 Rxe4 46. Kg2 Nf5 47. Kf3 Re8 48. Ke2 Nd4+ 49. Kd3 Nf3 50. Rgh1 Nxh2 51. Rxh2 Kg7 52. Re2 Rd8 53. Kxe3 Rd6 54. Ke4 Kf6 55. Rf2+ Ke7 56. Rg2 Rh6 57. Rg7+ Kd8 58. Rb7 Kc8 59. Rf7 Rh2 60. Ke5 Kd8 61. d6 Rh5+ 62. Ke6 Rh6+ 63. Kd5 1-0

[Event "GER-chT Seniors 15th"]
[Site "Bad Blankenburg"]
[Date "2006.09.05"]
[Round "3.2"]
[White "Erhart, Uwe"]
[Black "Hoffmann, Hans"]
[Result "0-1"]
[WhiteElo "2118"]
[BlackElo "2161"]
[PlyCount "83"]
[EventDate "2006.09.03"]
[EventType "team-swiss"]
[EventRounds "7"]
[EventCountry "GER"]
[SourceTitle "CBM 114 Extra"]
[Source "ChessBase"]
[SourceDate "2006.11.03"]
[SourceVersion "1"]
[SourceVersionDate "2006.11.03"]
[SourceQuality "1"]

1. e4 e6 2. d4 d5 3. Nd2 dxe4 4. Nxe4 Bd7 5. Nf3 Bc6 6. Bd3 Nd7 7. 0-0 Ngf6 8. Qe2 Be7 9. Ne5 Nxe5 10. Nxf6+ gxf6 11. dxe5 Qd5 12. f3 Qxe5 13. Qxe5 fxe5 14. Bd2 f6 15. Be4 Bd5 16. Bc3 Kf7 17. b3 Bc5+ 18. Kh1 Rad8 19. Rad1 Ke7 20. Rfe1 Bxe4 21. fxe4 Rxd1 22. Rxd1 Rg8 23. g3 h5 24. Kg2 h4 25. Be1 f5 26. Kf3 hxg3 27. Bxg3 Bd6 28. c4 b6 29. Re1 Kf6 30. Bh4+ Kf7 31. Re2 Rh8 32. Bg3 Kf6 33. Kg2 Rh7 34. Be1 Kg5 35. Bc3 Kf4 36. Bd2+ Kg4 37. Re3 f4 38. h3+ Kh5 39. Rf3 Rg7+ 40. Kf1 Bc5 41. Rd3 Bd4 42. Bxf4 0-1

[Event "Wuerttemberg-ch Seniors 18th"]
[Site "Freudenstadt"]
[Date "2006.05.07"]
[Round "4"]
[White "Hoffmann, Hans"]
[Black "Zschorsch, Peter"]
[Result "1/2-1/2"]
[WhiteElo "1993"]
[BlackElo "1871"]
[PlyCount "102"]
[EventDate "2006.05.04"]
[EventType "swiss"]
[EventRounds "9"]
[EventCountry "GER"]
[SourceTitle "EXT 2007"]
[Source "ChessBase"]
[SourceDate "2006.11.23"]
[SourceVersion "1"]
[SourceVersionDate "2006.11.23"]
[SourceQuality "1"]

1. c4 Nf6 2. Nf3 d6 3. g3 g6 4. Bg2 Bg7 5. d4 0-0 6. Nc3 c6 7. 0-0 Nbd7 8. e4 Rb8 9. h3 e5 10. Be3 b6 11. b4 Re8 12. Nd2 Nh5 13. d5 cxd5 14. Nxd5 Nhf6 15. Qa4 Nxd5 16. cxd5 Rb7 17. Rac1 Nb8 18. Rc3 Bd7 19. Qc2 Na6 20. a3 Rc7 21. Rc1 Rxc3 22. Qxc3 Qb8 23. Qd3 Rc8 24. Nc4 Bb5 25. Qb3 Bxc4 26. Rxc4 Rxc4 27. Qxc4 Nc7 28. Qc6 Ne8 29. Bf1 Nf6 30. f3 Bf8 31. Ba6 Kg7 32. a4 Be7 33. Bd3 Ng8 34. b5 Bd8 35. Bd2 Ne7 36. Qc2 Qc7 37. Qxc7 Bxc7 38. Kf2 Ng8 39. f4 f6 40. Kf3 Nh6 41. g4 Nf7 42. g5 fxg5 43. fxg5 Nd8 44. Bc2 Nb7 45. Ke2 Nc5 46. Kd1 Kf7 47. Kc1 Nb7 48. Kb2 Bd8 49. h4 Ke7 50. Kb3 Kf8 51. Be3 Kg7 1/2-1/2

[Event "Wuerttemberg-ch Seniors 18th"]
[Site "Freudenstadt"]
[Date "2006.05.06"]
[Round "3"]
[White "Hinz, Ekkehard"]
[Black "Hoffmann, Hans"]
[Result "0-1"]
[WhiteElo "1823"]
[BlackElo "1993"]
[PlyCount "66"]
[EventDate "2006.05.04"]
[EventType "swiss"]
[EventRounds "9"]
[EventCountry "GER"]
[SourceTitle "EXT 2007"]
[Source "ChessBase"]
[SourceDate "2006.11.23"]
[SourceVersion "1"]
[SourceVersionDate "2006.11.23"]
[SourceQuality "1"]

1. e4 e6 2. d4 d5 3. e5 c5 4. c3 Nc6 5. Nf3 Qb6 6. Bd3 Bd7 7. 0-0 cxd4 8. cxd4 Nxd4 9. Nxd4 Qxd4 10. Nc3 Qxe5 11. Re1 Qd6 12. Nb5 Bxb5 13. Bxb5+ Kd8 14. Qf3 Nf6 15. Bf4 Qb6 16. Bd3 Bd6 17. Be3 Bc5 18. Bxc5 Qxc5 19. Rac1 Qd6 20. Rc3 Rc8 21. Rec1 Rxc3 22. Rxc3 Kd7 23. Bb5+ Ke7 24. Rc2 a6 25. Bf1 Rd8 26. Qc3 h5 27. b4 d4 28. Qb3 Ng4 29. g3 Ne5 30. f4 d3 31. fxe5 Qxe5 32. Rf2 d2 33. Be2 Qxe2 0-1

[Event "Wuerttemberg-ch Seniors 18th"]
[Site "Freudenstadt"]
[Date "2006.05.05"]
[Round "2"]
[White "Hoffmann, Hans"]
[Black "Roggenstein, Bruno"]
[Result "1/2-1/2"]
[WhiteElo "1993"]
[BlackElo "1753"]
[PlyCount "76"]
[EventDate "2006.05.04"]
[EventType "swiss"]
[EventRounds "9"]
[EventCountry "GER"]
[SourceTitle "EXT 2007"]
[Source "ChessBase"]
[SourceDate "2006.11.23"]
[SourceVersion "1"]
[SourceVersionDate "2006.11.23"]
[SourceQuality "1"]

1. c4 e6 2. Nc3 Nf6 3. d4 d5 4. Nf3 a6 5. Bg5 Be7 6. e3 dxc4 7. Bxc4 b5 8. Bd3 Bb7 9. 0-0 Nbd7 10. Rc1 Rc8 11. a3 c5 12. Bb1 0-0 13. Ne5 cxd4 14. Qxd4 Nxe5 15. Qxe5 Rc5 16. Qg3 Nh5 17. Bxe7 Qxe7 18. Qh3 g6 19. f4 Rfc8 20. Rcd1 Ng7 21. e4 Nh5 22. Qe3 Qh4 23. h3 Qe7 24. Rd2 R5c7 25. Kh2 Rd7 26. Rfd1 Rcd8 27. g3 Nf6 28. Qe2 e5 29. Rxd7 Rxd7 30. Rxd7 Nxd7 31. Ba2 exf4 32. gxf4 Nf6 33. e5 Nh5 34. e6 fxe6 35. Bxe6+ Kf8 36. Qe5 Ng7 37. Qb8+ Ne8 38. Qe5 Ng7 1/2-1/2

[Event "Cannes op"]
[Site "Cannes"]
[Date "2006.02.12"]
[Round "1"]
[White "Hoffmann, Hans"]
[Black "Miladinovic, Igor"]
[Result "0-1"]
[WhiteElo "2205"]
[BlackElo "2607"]
[PlyCount "80"]
[EventDate "2006.02.12"]
[EventType "swiss"]
[EventRounds "7"]
[EventCountry "FRA"]
[SourceTitle "CBM 110 Extra"]
[Source "ChessBase"]
[SourceDate "2006.03.10"]
[SourceVersion "2"]
[SourceVersionDate "2006.03.10"]
[SourceQuality "1"]

1. c4 Nc6 2. Nc3 e5 3. g3 g6 4. Bg2 Bg7 5. Nf3 d6 6. 0-0 Nf6 7. d3 0-0 8. Rb1 a5 9. a3 Nd4 10. e3 Ne6 11. b4 axb4 12. axb4 c6 13. b5 Bd7 14. bxc6 bxc6 15. Bd2 Re8 16. Qc2 Nc5 17. e4 Qc8 18. Ra1 Rxa1 19. Rxa1 Bg4 20. Be3 Ne6 21. Ng5 Nd4 22. Bxd4 exd4 23. Nd1 h6 24. Nf3 d5 25. cxd5 cxd5 26. Qxc8 Rxc8 27. exd5 Nxd5 28. h3 Bf5 29. Ne1 Nb4 30. Nb2 h5 31. Kf1 Rc3 32. Ke2 Rb3 33. Nc4 Nxd3 34. Ra8+ Kh7 35. Bd5 Nxe1 36. Kxe1 d3 37. Bxf7 Bc3+ 38. Kf1 Rb1+ 39. Kg2 Be4+ 40. f3 Bxa8 0-1

[Event "Wildbad Seniors op 7th"]
[Site "Bad Wildbad"]
[Date "2005.10.25"]
[Round "5"]
[White "Hoffmann, Hans"]
[Black "Jordan, Dieter"]
[Result "1-0"]
[WhiteElo "2052"]
[BlackElo "1730"]
[PlyCount "113"]
[EventDate "2005.10.21"]
[EventType "swiss"]
[EventRounds "9"]
[EventCountry "GER"]
[SourceTitle "EXT 2007"]
[Source "ChessBase"]
[SourceDate "2006.11.23"]
[SourceVersion "1"]
[SourceVersionDate "2006.11.23"]
[SourceQuality "1"]

1. c4 c5 2. Nf3 e6 3. e4 d6 4. Nc3 a6 5. d4 cxd4 6. Nxd4 Qc7 7. Be3 Nf6 8. Be2 Be7 9. 0-0 b6 10. Rc1 Bb7 11. f3 Nbd7 12. Qe1 0-0 13. Qg3 Rfe8 14. Kh1 Rac8 15. b3 Qb8 16. Bd3 Qa8 17. Bb1 Bf8 18. Nde2 Kh8 19. Rfd1 Qb8 20. Qf2 Ba8 21. Ng3 Be7 22. h3 Rc7 23. f4 Rcc8 24. Qc2 Kg8 25. Nh5 Red8 26. Nxf6+ Nxf6 27. Bd4 g6 28. f5 Nh5 29. Qf2 Re8 30. g4 e5 31. Be3 Nf6 32. g5 Nd7 33. f6 Bd8 34. h4 h5 35. Bd3 Nf8 36. Bf1 Bc7 37. Bh3 Rcd8 38. Nd5 Bxd5 39. cxd5 Qb7 40. Rc6 b5 41. Rdc1 Ba5 42. a3 Rd7 43. b4 Bd8 44. Qc2 a5 45. Kh2 a4 46. Bxd7 Qxd7 47. Qg2 Qb7 48. Qh3 Nd7 49. Rxd6 Nb6 50. Bxb6 Bxb6 51. Qd7 Qxd7 52. Rxd7 Be3 53. Rc2 Bf4+ 54. Kg2 Be3 55. Rb7 Rd8 56. Rxb5 Bd4 57. Ra5 1-0

[Event "Neuhausen IM"]
[Site "Neuhausen"]
[Date "2004.11.05"]
[Round "?"]
[White "Hanisch, Joerg"]
[Black "Hoffmann, Hans"]
[Result "1-0"]
[WhiteElo "2242"]
[BlackElo "2220"]
[PlyCount "93"]
[EventDate "2004.10.29"]
[EventType "schev"]
[EventRounds "10"]
[EventCountry "GER"]
[SourceTitle "EXT 2005"]
[Source "ChessBase"]
[SourceDate "2004.11.15"]
[SourceVersion "1"]
[SourceVersionDate "2004.11.15"]
[SourceQuality "1"]

1. e4 c5 2. Nf3 e6 3. d4 cxd4 4. Nxd4 Nf6 5. Nc3 d6 6. g4 h6 7. h3 Nc6 8. Bg2 a6 9. Be3 Bd7 10. Qe2 Nxd4 11. Bxd4 Bc6 12. 0-0-0 Qc7 13. Kb1 b5 14. f4 Qb7 15. Nd5 Nd7 16. Nb4 e5 17. Nxc6 Qxc6 18. Be3 Be7 19. h4 Rc8 20. g5 hxg5 21. hxg5 Rxh1 22. Rxh1 exf4 23. Bxf4 Ne5 24. b3 Bf8 25. Rh8 g6 26. Qd1 Qc5 27. Bh3 Rc7 28. Bc1 Ke7 29. Bb2 Bg7 30. Rg8 Bf8 31. Bd4 Qc6 32. Qe2 Ke8 33. c3 Re7 34. Bg2 Qc8 35. Rh8 Rc7 36. Bh3 Qd8 37. Qe3 Qe7 38. Qf4 Rc6 39. Kc2 Rc7 40. Rg8 Rc6 41. Bf1 Qe6 42. Rh8 Rc7 43. Bg2 Rc6 44. Bh3 Qe7 45. Qf6 Rc7 46. Bb6 Rb7 47. Rxf8+ 1-0

[Event "Neuhausen IM"]
[Site "Neuhausen"]
[Date "2004.11.05"]
[Round "?"]
[White "Hoffmann, Hans"]
[Black "Schafranietz, Sebastian"]
[Result "1/2-1/2"]
[WhiteElo "2220"]
[BlackElo "2290"]
[PlyCount "128"]
[EventDate "2004.10.29"]
[EventType "schev"]
[EventRounds "10"]
[EventCountry "GER"]
[SourceTitle "EXT 2005"]
[Source "ChessBase"]
[SourceDate "2004.11.15"]
[SourceVersion "1"]
[SourceVersionDate "2004.11.15"]
[SourceQuality "1"]

1. c4 Nf6 2. Nc3 e6 3. g3 d5 4. Bg2 Be7 5. cxd5 exd5 6. d4 0-0 7. Qb3 Nc6 8. Nf3 Bg4 9. e3 Na5 10. Qc2 Nc4 11. Ne5 Nxe5 12. dxe5 Nd7 13. f4 Nb6 14. h3 Bc8 15. 0-0 f6 16. Rd1 c6 17. e4 fxe5 18. exd5 cxd5 19. Nxd5 Nxd5 20. Bxd5+ Kh8 21. Kh2 Qb6 22. Be4 Be6 23. Qe2 Rad8 24. Be3 Qb4 25. Bg2 Bc4 26. Qc2 exf4 27. Bxf4 Bf6 28. Bd2 Qxb2 29. Qxc4 Rxd2 30. Rxd2 Qxd2 31. Rf1 b6 32. a4 Rd8 33. Qc7 Qd7 34. Rc1 Qxc7 35. Rxc7 a5 36. Rc6 Bd4 37. Rc2 Bc5 38. Bf1 Kg8 39. Kg2 Kf7 40. Bc4+ Kf6 41. Re2 Rd4 42. Re6+ Kf5 43. g4+ Kf4 44. Bb5 Rd2+ 45. Re2 Rd1 46. Rc2 Bd4 47. Re2 Rc1 48. Rd2 Be3 49. Re2 Rc3 50. Ra2 Kg5 51. Bf1 Kh4 52. Kf3 Bc5+ 53. Kf4 g5+ 54. Ke5 Re3+ 55. Kd5 Rxh3 56. Bxh3 Kxh3 57. Ke4 Kxg4 58. Rg2+ Kh4 59. Kf5 Be3 60. Rh2+ Kg3 61. Rxh7 Kf2 62. Rg7 Ke2 63. Ke4 Kd2 64. Rd7+ Ke2 1/2-1/2

[Event "Neuhausen IM"]
[Site "Neuhausen"]
[Date "2004.11.03"]
[Round "?"]
[White "Hoffmann, Hans"]
[Black "Hanisch, Joerg"]
[Result "0-1"]
[WhiteElo "2220"]
[BlackElo "2242"]
[PlyCount "102"]
[EventDate "2004.10.29"]
[EventType "schev"]
[EventRounds "10"]
[EventCountry "GER"]
[SourceTitle "EXT 2005"]
[Source "ChessBase"]
[SourceDate "2004.11.15"]
[SourceVersion "1"]
[SourceVersionDate "2004.11.15"]
[SourceQuality "1"]

1. c4 e5 2. Nc3 Nf6 3. g3 d5 4. cxd5 Nxd5 5. Bg2 Nb6 6. Nf3 Nc6 7. 0-0 Be7 8. d3 0-0 9. a4 a5 10. Be3 Be6 11. Nd2 Nd5 12. Nxd5 Bxd5 13. Nc4 Bxg2 14. Kxg2 Qd5+ 15. Kg1 Bc5 16. Rc1 Bd4 17. Bxd4 Nxd4 18. Rc3 Rfd8 19. f3 Rd7 20. e3 Nc6 21. f4 Rad8 22. Nxe5 Nxe5 23. fxe5 Qxe5 24. d4 Qd6 25. Qb3 b6 26. Qc2 Re8 27. Rc1 Ree7 28. Qf5 g6 29. Qf4 Kg7 30. Kf2 Qb4 31. b3 Rd6 32. Qg5 Rf6+ 33. Kg2 Rf5 34. Qg4 Rxe3 35. Rxe3 Qd2+ 36. Qe2 Qxc1 37. Rd3 Qc6+ 38. Kg1 Qd6 39. Qe4 Rd5 40. Kf2 c5 41. Ke3 Rxd4 42. Rxd4 Qxd4+ 43. Qxd4+ cxd4+ 44. Kxd4 f5 45. Ke5 Kf7 46. h3 Ke7 47. h4 Kf7 48. h5 Ke7 49. h6 Kf7 50. Kd6 g5 51. Ke5 Kg6 0-1

[Event "Neuhausen IM"]
[Site "Neuhausen"]
[Date "2004.11.01"]
[Round "?"]
[White "Hoffmann, Hans"]
[Black "Wehner, Roland"]
[Result "0-1"]
[WhiteElo "2220"]
[BlackElo "2225"]
[PlyCount "58"]
[EventDate "2004.10.29"]
[EventType "schev"]
[EventRounds "10"]
[EventCountry "GER"]
[SourceTitle "EXT 2005"]
[Source "ChessBase"]
[SourceDate "2004.11.15"]
[SourceVersion "1"]
[SourceVersionDate "2004.11.15"]
[SourceQuality "1"]

1. e4 e6 2. d4 d5 3. Nc3 Nf6 4. Bg5 Bb4 5. e5 h6 6. Bd2 Bxc3 7. Bxc3 Ne4 8. Bb4 c5 9. dxc5 Nc6 10. Bb5 0-0 11. Bxc6 bxc6 12. Qd4 Qg5 13. g3 f6 14. exf6 Rxf6 15. f4 Qh5 16. Qd1 Nxg3 17. Qxh5 Nxh5 18. Ne2 Nxf4 19. Bc3 Rf7 20. Rg1 Nxe2 21. Kxe2 e5 22. Rae1 d4 23. Bd2 Kh7 24. c3 Ba6+ 25. Kd1 Rd8 26. Kc1 Rd5 27. b4 Rf2 28. h4 Bd3 29. Rg3 dxc3 0-1

[Event "Neuhausen IM"]
[Site "Neuhausen"]
[Date "2004.11.01"]
[Round "?"]
[White "Strohhaeker, Raoul"]
[Black "Hoffmann, Hans"]
[Result "1-0"]
[WhiteElo "2161"]
[BlackElo "2220"]
[PlyCount "75"]
[EventDate "2004.10.29"]
[EventType "schev"]
[EventRounds "10"]
[EventCountry "GER"]
[SourceTitle "EXT 2005"]
[Source "ChessBase"]
[SourceDate "2004.11.15"]
[SourceVersion "1"]
[SourceVersionDate "2004.11.15"]
[SourceQuality "1"]

1. e4 c5 2. Nf3 e6 3. d4 cxd4 4. Nxd4 Nf6 5. Nc3 d6 6. g3 Nc6 7. Bg2 Be7 8. 0-0 0-0 9. Nxc6 bxc6 10. Na4 Ba6 11. Re1 Qa5 12. b3 Rfd8 13. Bd2 Qc7 14. c4 Rac8 15. Rc1 Nd7 16. Qh5 c5 17. Nc3 Ne5 18. Rcd1 Nc6 19. g4 g6 20. Qh6 Nd4 21. g5 Bf8 22. Qh4 Qe7 23. Qg4 Bb7 24. Re3 h5 25. gxh6 Bxh6 26. f4 Kg7 27. Rh3 Rh8 28. Be3 e5 29. Bxd4 cxd4 30. Ne2 Rcg8 31. f5 Kf8 32. f6 Qd8 33. Rf3 Qc8 34. Qg3 Bxe4 35. Nxd4 Ke8 36. Nb5 Bf8 37. Re3 Bf5 38. Rxd6 1-0

[Event "Neuhausen IM"]
[Site "Neuhausen"]
[Date "2004.11.01"]
[Round "?"]
[White "Wehner, Roland"]
[Black "Hoffmann, Hans"]
[Result "1-0"]
[WhiteElo "2225"]
[BlackElo "2220"]
[PlyCount "55"]
[EventDate "2004.10.29"]
[EventType "schev"]
[EventRounds "10"]
[EventCountry "GER"]
[SourceTitle "EXT 2005"]
[Source "ChessBase"]
[SourceDate "2004.11.15"]
[SourceVersion "1"]
[SourceVersionDate "2004.11.15"]
[SourceQuality "1"]

1. e4 c5 2. c3 d5 3. exd5 Qxd5 4. d4 Nc6 5. Nf3 Bg4 6. Be2 e6 7. h3 Bh5 8. c4 Qd8 9. d5 exd5 10. g4 Bg6 11. cxd5 Nb8 12. Bb5+ Nd7 13. Qe2+ Qe7 14. Ne5 0-0-0 15. Bxd7+ Rxd7 16. Nxd7 Qxd7 17. Bf4 Nf6 18. Qe5 Qe7 19. Nc3 h5 20. 0-0-0 Qxe5 21. Bxe5 Be7 22. f3 hxg4 23. hxg4 Rg8 24. d6 Bd8 25. Bxf6 Bxf6 26. Nd5 Bd8 27. d7+ Kb8 28. Rhe1 1-0

[Event "Nuremberg Zabo op 06th"]
[Site "Nuremberg"]
[Date "2004.09.24"]
[Round "1"]
[White "Hoffmann, Hans"]
[Black "Kordts, Florian"]
[Result "1/2-1/2"]
[WhiteElo "2127"]
[BlackElo "1770"]
[PlyCount "83"]
[EventDate "2004.09.24"]
[EventType "swiss"]
[EventRounds "5"]
[EventCountry "GER"]
[SourceTitle "EXT 2012"]
[Source "ChessBase"]
[SourceDate "2011.11.24"]
[SourceVersion "1"]
[SourceVersionDate "2011.11.24"]
[SourceQuality "1"]

1. c4 c5 2. Nf3 Nc6 3. Nc3 g6 4. g3 Bg7 5. Bg2 e5 6. d3 Nge7 7. 0-0 0-0 8. e4 d6 9. Be3 f5 10. Qd2 Re8 11. Bh6 Bh8 12. Bg5 Qa5 13. a3 Qc7 14. b4 b6 15. b5 Nd8 16. Bxe7 Qxe7 17. Nd5 Qf7 18. a4 Bb7 19. a5 Bxd5 20. cxd5 Nb7 21. Ng5 Qf6 22. a6 Nd8 23. Ne6 Nxe6 24. dxe6 f4 25. Bh3 Kf8 26. f3 Bg7 27. Qa2 Bh6 28. Qd5 Qe7 29. Kf2 Rac8 30. Rg1 Rc7 31. Ra2 Rd8 32. Rc2 Qg5 33. Re2 Ke7 34. Qc4 Rf8 35. Bg4 Qf6 36. Kg2 Bg5 37. Rf1 h5 38. Bh3 fxg3 39. hxg3 h4 40. Bg4 hxg3 41. Rh1 Rh8 42. Ree1 1/2-1/2

[Event "Wuerttemberg-ch Seniors 16th"]
[Site "Freudenstadt"]
[Date "2004.05.05"]
[Round "4"]
[White "Frank, Werner"]
[Black "Hoffmann, Hans"]
[Result "0-1"]
[WhiteElo "2097"]
[BlackElo "2207"]
[PlyCount "52"]
[EventDate "2004.05.02"]
[EventType "swiss"]
[EventRounds "9"]
[EventCountry "GER"]
[SourceTitle "EXT 2006"]
[Source "ChessBase"]
[SourceDate "2005.11.24"]
[SourceVersion "1"]
[SourceVersionDate "2005.11.24"]
[SourceQuality "1"]

1. d4 d5 2. Nf3 Nf6 3. c4 c6 4. e3 e6 5. Nbd2 Nbd7 6. Bd3 Bd6 7. 0-0 0-0 8. e4 dxe4 9. Nxe4 Nxe4 10. Bxe4 h6 11. Bc2 Nf6 12. Qe2 c5 13. Be3 b6 14. Rfd1 Qe7 15. Ne5 Bb7 16. Ng4 Nxg4 17. Qxg4 f5 18. Qh5 Rf6 19. f4 cxd4 20. Bxd4 Bc5 21. Kh1 Bxd4 22. Rxd4 Qc5 23. Rad1 Kh7 24. R1d2 Rg6 25. Qd1 Qxd4 26. Rxd4 Bxg2+ 0-1

[Event "Wuerttemberg-ch Seniors 16th"]
[Site "Freudenstadt"]
[Date "2004.05.04"]
[Round "3"]
[White "Hoffmann, Hans"]
[Black "Kunath, Werner"]
[Result "1-0"]
[WhiteElo "2207"]
[BlackElo "2079"]
[PlyCount "61"]
[EventDate "2004.05.02"]
[EventType "swiss"]
[EventRounds "9"]
[EventCountry "GER"]
[SourceTitle "EXT 2006"]
[Source "ChessBase"]
[SourceDate "2005.11.24"]
[SourceVersion "1"]
[SourceVersionDate "2005.11.24"]
[SourceQuality "1"]

1. c4 e5 2. Nc3 Nc6 3. g3 Nf6 4. Bg2 d6 5. Nf3 g6 6. d4 exd4 7. Nxd4 Bd7 8. 0-0 Bg7 9. e4 0-0 10. Nde2 Re8 11. h3 Be6 12. b3 Qd7 13. Kh2 h6 14. Be3 g5 15. Qd2 Ne5 16. f4 Neg4+ 17. hxg4 Nxg4+ 18. Kh1 f5 19. fxg5 Qf7 20. g6 Qxg6 21. Nf4 Qg5 22. Bh3 Bf7 23. Rae1 Bxc3 24. Qxc3 Rxe4 25. Bxg4 fxg4 26. Ng2 Qe5 27. Qxe5 Rxe5 28. Bf4 Rh5+ 29. Kg1 Re8 30. Rxe8+ Bxe8 31. Ne3 1-0

[Event "Biel MTO op"]
[Site "Biel"]
[Date "2003.07.30"]
[Round "9"]
[White "Antognini, Francesco"]
[Black "Hoffmann, Hans"]
[Result "1-0"]
[WhiteElo "2139"]
[BlackElo "2185"]
[PlyCount "67"]
[EventDate "2003.07.19"]
[EventType "swiss"]
[EventRounds "11"]
[EventCountry "SUI"]
[SourceTitle "CBM 095 Extra"]
[Source "ChessBase"]
[SourceDate "2003.09.04"]
[SourceVersion "1"]
[SourceVersionDate "2003.09.04"]
[SourceQuality "1"]

1. e4 c5 2. Nf3 e6 3. d4 cxd4 4. Nxd4 Nf6 5. Nc3 d6 6. Be3 Nc6 7. f3 a6 8. Qd2 Be7 9. 0-0-0 0-0 10. g4 Nd7 11. h4 Nde5 12. Qf2 b5 13. g5 b4 14. Nxc6 Nxc6 15. Na4 Qa5 16. b3 f5 17. Bb6 Qe5 18. f4 Qa1+ 19. Kd2 Qxa2 20. exf5 Rxf5 21. Bd3 Ra5 22. Ra1 Rxa4 23. Rxa2 Rxa2 24. Qf3 Bd7 25. Qe4 g6 26. h5 d5 27. Qe3 Bf8 28. hxg6 Bg7 29. Rxh7 Bc3+ 30. Ke2 e5 31. Rxd7 Re8 32. Qh3 exf4+ 33. Kf2 Re7 34. Rxe7 1-0